Statystyki dla Liderzy poszczególnych produkcji

Kliknij tutaj aby rozwiązać quiz!

Ogólne statystyki

  • Ten quiz został rozwiązany 3 901 razy
  • Średni wynik to 7 z 22

Statystyki odpowiedzi

ProduktNajwięksi producenci% Poprawnych
KukurydzaStany Zjednoczone
81%
Syrop klonowyKanada
79%
WinoWłochy | Hiszpania
76%
KawaBrazylia | Wietnam
67%
WęgielChiny
64%
OliwkiHiszpania | Grecja
64%
Trzcina cukrowaBrazylia
38%
DiamentyRosja | Botswana
38%
AwokadoMeksyk
31%
WełnaAustralia
26%
DaktyleEgipt | Iran
26%
MangoIndie
22%
OpiumAfganistan
20%
Olej palmowyIndonezja | Malezja
19%
GumaTajlandia | Indonezja
16%
KobaltDemokratyczna Republika Konga
14%
MiedźChile | Peru
13%
KorkiPortugalia | Hiszpania
13%
CynamonIndonezja
10%
BrzoskwinieTurcja
8%
BatatyNigeria | Ghana
7%
Komosa ryżowaPeru | Boliwia
5%

Rozkład punktacji

Percentyl według liczby udzielonych odpowiedzi

Procent ludzi z każdym wynikiem

Twoja historia wyników

Nie rozwiązałeś tego quizu